00678nam a2200193 i 450000100060000000300090000600500170001500700030003200800410003510000250007624501030010125000120020426000400021630000300025670000230028685200320030999900170034195201260035857448ES-MaACL20230906163559.0t|031016s1960 sp ||||1| spa d1 aDoerfling, R.94498810aTratado de matemáticas para ingenieros y técnicos / cR. Doerfling ; versión por M. Company. a2ª ed. aBarcelona : bGustavo Gili, c1960. a666 p. : bil. ; c19 cm.1 aCompany, M.940037 aES-MaACLjC-18705 bR.46925 c57448d57448 00104070aATENEOMbATENEOMcGaleríad2008-01-17eSCl0oC-18705p1060310r2023-02-23 00:00:00w2023-02-23yMONOGRAFIA